[Event "XLII Abierto Internacional Ciudad de Se"]
[Site "Sevilla (SPAIN)"]
[Date "2017.01.16"]
[Round "4.14"]
[White "Alberto, Manuel"]
[Black "Estremera Paños, Sergio"]
[Result "1-0"]
[WhiteElo "2168"]
[BlackElo "2375"]
[PlyCount "99"]
[EventDate "2017.01.13"]

1. e4 e5 2. Nf3 Nc6 3. Bc4 Bc5 4. c3 Nf6 5. d4 exd4 6. cxd4 Bb4+ 7. Bd2 Bxd2+
8. Nbxd2 d5 9. exd5 Nxd5 10. O-O O-O 11. Nb3 Bg4 12. h3 Bh5 13. Re1 a5 14. a4
Qd6 15. g4 Bg6 16. Ne5 Ncb4 17. Rc1 c6 18. h4 h6 19. Qf3 b6 20. Re2 Bh7 21. g5
f6 22. Bxd5+ cxd5 23. gxf6 Rxf6 24. Qg3 Raf8 25. Kh2 Rf4 26. Rg1 Qf6 27. Ng4
Rxg4 28. Qxg4 Be4 29. Nd2 Bf5 30. Qg3 {Diagrama [#]} Bd3 31. Re6 Qxd4 32. Nf3
Rxf3 33. Qxf3 Qxh4+ 34. Kg2 Be4 35. Re8+ Kh7 36. Rxe4 dxe4 37. Qf5+ g6 38. Qf7+
Kh8 39. Qxg6 Nd3 40. Qe8+ Kh7 41. Qf7+ Kh8 42. Kf1 Qh3+ 43. Ke2 Nf4+ 44. Ke1
Ng2+ 45. Kd2 e3+ 46. Kc2 Qc8+ 47. Kb3 Qc6 48. f3 Qd6 49. Qe8+ Kh7 50. Qe4+ 1-0

[Event "XLII Abierto Internacional Ciudad de Se"]
[Site "Sevilla (SPAIN)"]
[Date "2017.01.16"]
[Round "4.20"]
[White "Rodriguez Del Cerro, Ricardo"]
[Black "Kogan, Arthur"]
[Result "0-1"]
[WhiteElo "1870"]
[BlackElo "2530"]
[PlyCount "78"]
[EventDate "2017.01.13"]

1. d4 d5 2. c4 dxc4 3. e4 Nc6 4. d5 Ne5 5. Nf3 Bg4 6. Bf4 Bxf3 7. gxf3 Ng6 8.
Bg3 e5 9. dxe6 Qxd1+ 10. Kxd1 fxe6 11. Bxc7 Rc8 12. Bg3 Bb4 13. Kc2 N8e7 14.
Nc3 O-O 15. Ne2 Nc6 16. Rd1 Rxf3 17. Bh3 Re8 18. Nd4 Nxd4+ 19. Rxd4 b5 20. Rd7
Bc5 21. Bg4 Rf7 22. Rhd1 Rfe7 23. Rxe7 Rxe7 24. Bd6 Bxd6 25. Rxd6 Nf4 26. a4
bxa4 27. Kc3 Kf7 28. Bd1 Nd3 29. Bxa4 Nxf2 30. Kxc4 Nxe4 31. Rd4 Nf6 32. Rd2 g5
33. Kb5 e5 34. Re2 e4 35. Bc2 e3 36. Kc4 Nh5 37. Kd4 Nf4 38. Rxe3 Rd7+ {
Diagrama [#]} 39. Kc5 $2 Rc7+ 0-1

[Event "XLII Abierto Internacional Ciudad de Se"]
[Site "Sevilla (SPAIN)"]
[Date "2017.01.16"]
[Round "4.12"]
[White "Karthikeyan, P."]
[Black "Gavira Galocha, Antonio Jesus"]
[Result "1-0"]
[WhiteElo "2488"]
[BlackElo "2035"]
[PlyCount "57"]
[EventDate "2017.01.13"]

1. d4 d5 2. c4 c6 3. Nf3 Nf6 4. Qc2 e6 5. g3 Bd6 6. Bg2 Nbd7 7. O-O b6 8. Nc3
Bb7 9. Nd2 O-O 10. e4 dxe4 11. Ndxe4 Nxe4 12. Nxe4 Be7 13. Bf4 Nf6 14. Rfd1
Nxe4 15. Bxe4 h6 16. c5 Qd7 17. Rac1 Rfc8 18. Qe2 Re8 19. h4 Bf8 20. h5 Rad8
21. a4 Qc8 22. cxb6 axb6 23. Qf3 {Diagrama [#]} Rd5 $6 24. Bxd5 exd5 25. Re1 c5
26. Rxe8 Qxe8 27. Qb3 Ba8 28. Qxb6 Qxa4 29. Qd8 1-0

[Event "XLII Abierto Internacional Ciudad de Se"]
[Site "Sevilla (SPAIN)"]
[Date "2017.01.17"]
[Round "5.1"]
[White "Burmakin, Vladimir"]
[Black "Deepan, Chakkravarthy J"]
[Result "1/2-1/2"]
[WhiteElo "2526"]
[BlackElo "2485"]
[PlyCount "78"]
[EventDate "2017.01.13"]

1. Nf3 Nf6 2. g3 g6 3. b3 Bg7 4. Bb2 O-O 5. Bg2 d5 6. c4 e6 7. O-O b6 8. cxd5
exd5 9. d4 Bb7 10. Nc3 Nbd7 11. Rc1 a6 12. Rc2 Re8 13. Qc1 Ne4 14. Rd1 f5 15.
Ne5 Nxe5 16. Nxe4 {Diagrama [#]} Ng4 $6 (16... Nf7 $142 17. Rxc7 Rb8 18. Nd2
Rxe2 $11) 17. Ng5 (17. Rxc7 Bh6 18. Nd2 Rxe2 19. Rxb7 Rxf2 20. Qc6 $14) 17...
Bh6 18. h4 Rc8 19. Qd2 Qe7 20. Bc1 Nf6 21. Qe1 Bg7 22. Nh3 Ne4 23. Nf4 Bf6 24.
e3 Qf7 25. Ba3 c5 (25... Qd7 26. Nd3 Qg7 27. Kh2 $11) 26. dxc5 bxc5 27. f3 Nd6
28. Rxc5 Nb5 29. Rxc8 Rxc8 30. Bb4 d4 31. exd4 $6 (31. Rd3 $16) 31... Nxd4 32.
Qf2 Rd8 $6 (32... Rc2 33. Qe3 a5 $16) (32... Qg7 33. Kh2 Rc2 34. Rd2 Rxd2 35.
Bxd2 $14) 33. Rd2 Qc7 34. Kh1 Kf7 35. Ba3 Qa5 36. Bc1 Qc7 37. Ba3 Qa5 38. Bc1
Qc7 39. Ba3 Qa5 $11 1/2-1/2

[Event "XLII Abierto Internacional Ciudad de Se"]
[Site "Sevilla (SPAIN)"]
[Date "2017.01.17"]
[Round "5.2"]
[White "Petkov, Vladimir"]
[Black "Stany, G.A."]
[Result "0-1"]
[WhiteElo "2500"]
[BlackElo "2485"]
[PlyCount "128"]
[EventDate "2017.01.13"]

1. d4 Nf6 2. c4 g6 3. g3 Bg7 4. Bg2 d5 5. cxd5 Nxd5 6. e4 Nb6 7. Ne2 O-O 8. O-O
Nc6 9. d5 Na5 10. Nbc3 c6 11. b3 cxd5 12. exd5 Bg4 13. Bd2 e6 14. dxe6 Nc6 15.
Be3 fxe6 16. Qxd8 Raxd8 17. Rac1 Nd5 18. Bc5 Rf7 19. h3 Bf3 20. Bxf3 Rxf3 21.
Ne4 Bh6 22. Rcd1 b6 23. Ba3 Rf7 24. N2c3 Bg7 25. Nxd5 exd5 26. Ng5 Rfd7 27. Ne6
Re8 28. Nxg7 Kxg7 29. Rd2 Kf7 30. Rc1 Re6 31. Kg2 d4 32. Rc4 Rd5 {Diagrama [#]}
33. Rdc2 $6 (33. Bb2 $142 g5 34. Rc1 Kg6 35. Rcd1 $11) 33... d3 34. Rd2 Re2 35.
Rf4+ (35. Bc1 Ne5 36. Rcc2 dxc2 37. Rxe2 Nd3 $19) 35... Ke6 36. Rd1 Rxa2 37.
Bf8 d2 38. Bg7 Na5 39. b4 Nb3 40. Rf6+ Kd7 41. Rf3 Nc1 42. Bh6 Rc2 43. Rf7+ Kc6
44. Rxa7 Na2 45. Ra3 g5 46. b5+ Kxb5 47. Rb3+ Kc6 48. h4 Nc3 49. Rxc3+ Rxc3 50.
Bxg5 Rc2 51. Kf3 b5 52. Ke2 b4 53. Rxd2 b3 54. Rxc2+ bxc2 55. Bd2 Kb5 56. g4
Kc4 57. f4 Kb3 58. Bc1 Rd1 59. Be3 Rh1 60. f5 Rh2+ 61. Ke1 Rxh4 62. f6 Rh3 63.
Bc1 Rh1+ 64. Kd2 Rd1+ 0-1

[Event "XLII Abierto Internacional Ciudad de Se"]
[Site "Sevilla (SPAIN)"]
[Date "2017.01.17"]
[Round "5.3"]
[White "Campora, Daniel H"]
[Black "Parligras, Mircea"]
[Result "1/2-1/2"]
[WhiteElo "2443"]
[BlackElo "2605"]
[PlyCount "51"]
[EventDate "2017.01.13"]

1. e4 c5 2. Nf3 d6 3. d4 Nf6 4. Nc3 cxd4 5. Nxd4 a6 6. g3 e5 7. Nde2 Be7 8. Bg2
O-O 9. O-O b5 10. Nd5 Nbd7 11. Nec3 Bb7 12. Re1 Rc8 13. Re2 Rc4 14. Be3 Nxd5
15. Nxd5 Nf6 16. Bb6 Qd7 17. b3 Nxd5 18. exd5 Rcc8 19. a4 f5 20. axb5 axb5 21.
Ra7 Ra8 22. Rxa8 Rxa8 23. c4 bxc4 24. bxc4 Bf6 25. Rc2 Ra6 26. Be3 {Diagrama 
[#]} 1/2-1/2

[Event "XLII Abierto Internacional Ciudad de Se"]
[Site "Sevilla (SPAIN)"]
[Date "2017.01.17"]
[Round "5.4"]
[White "Santos Latasa, Jaime"]
[Black "Harutjunyan, Gevorg"]
[Result "1/2-1/2"]
[WhiteElo "2566"]
[BlackElo "2437"]
[PlyCount "79"]
[EventDate "2017.01.13"]

1. d4 Nf6 2. c4 g6 3. Nc3 Bg7 4. e4 d6 5. f3 O-O 6. Be3 c5 (6... Nc6 $142 7.
Bd3 e5 $11) 7. dxc5 dxc5 8. Qxd8 Rxd8 9. Bxc5 Nc6 10. Be3 b6 11. Rc1 Nd7 12.
Nh3 Nc5 13. Nf4 e6 14. Be2 a5 15. O-O a4 16. Nb5 Bxb2 17. Rcd1 Rxd1 18. Rxd1 a3
19. Nd3 Nxd3 20. Bxd3 e5 $6 (20... Rb8 $142 21. c5 bxc5 22. Bxc5 Ba6 23. Nxa3
Bxd3 24. Rxd3) 21. Bxb6 Be6 22. Bc5 Ra4 23. Nd6 Nb4 24. Bb1 Nc6 25. Bc2 Ra5 26.
Nb7 Ra8 27. Nd6 Na5 28. Bd3 Rd8 29. Rd2 Bc1 30. Rc2 Bb2 31. Be2 $6 (31. Bf1
$142 Nb3 32. Bb4 Na1 33. Rd2 Nb3 $11) 31... Nb3 32. Bb4 $6 (32. Nxf7 Kxf7 33.
Bxa3 Bxa3 34. axb3 Rb8 $17) 32... Nd4 33. Rd2 Bc1 34. Rxd4 exd4 35. Bd3 Rb8 36.
Nb5 f5 37. e5 Rc8 38. Nd6 Rb8 $6 39. Nb5 Rc8 40. Nd6 {Diagrama [#] Estando
mejor el negro, incompresiblemente se ha firmado tablas.} 1/2-1/2

[Event "XLII Abierto Internacional Ciudad de Se"]
[Site "Sevilla (SPAIN)"]
[Date "2017.01.17"]
[Round "5.5"]
[White "Perez Mitjans, Orelvis"]
[Black "Lopez Martinez, Josep Manuel"]
[Result "1-0"]
[WhiteElo "2427"]
[BlackElo "2552"]
[PlyCount "41"]
[EventDate "2017.01.13"]

1. e4 e6 2. d4 d5 3. Nc3 Bb4 4. e5 Ne7 5. a3 Bxc3+ 6. bxc3 c5 7. Nf3 h6 8. Bd3
Bd7 9. a4 Qa5 10. O-O c4 11. Be2 Bxa4 12. Ba3 Nbc6 13. Qd2 b5 14. Nh4 g5 15.
Nf3 O-O-O 16. Ne1 Nf5 17. Bc5 h5 18. Nf3 g4 19. Ng5 Qc7 20. f4 gxf3 21. Nxf3 {
Diagrama [#] Ilegible} 1-0

[Event "XLII Abierto Internacional Ciudad de Se"]
[Site "Sevilla (SPAIN)"]
[Date "2017.01.17"]
[Round "5.6"]
[White "Saric, Ante"]
[Black "Teran Alvarez, Ismael"]
[Result "1-0"]
[WhiteElo "2542"]
[BlackElo "2378"]
[PlyCount "91"]
[EventDate "2017.01.13"]

1. Nf3 b6 2. g3 Bb7 3. Bg2 Nf6 4. c4 c5 5. O-O g6 6. b3 Bg7 7. Bb2 O-O 8. Nc3
d5 9. Nxd5 Nxd5 10. Bxg7 Kxg7 11. cxd5 Qxd5 12. d4 cxd4 13. Qxd4+ Qxd4 14. Nxd4
Bxg2 15. Kxg2 Rc8 16. Rac1 Nd7 17. Rfd1 Nf6 18. e3 Kf8 19. Kf3 Ke8 20. g4 h6
21. h4 Rxc1 22. Rxc1 Kd7 23. Rd1 h5 24. g5 Ne8 25. e4 e5 26. Nb5+ Ke6 27. Ke3
a6 28. Nc3 Rc8 29. Nd5 b5 30. f4 exf4+ 31. Nxf4+ Ke7 32. Nd5+ Ke6 33. Rd2 Rc1
34. Nf4+ Ke7 35. Kd4 Nd6 36. Ke5 Ne8 37. Nd5+ Kf8 38. b4 Rc6 39. Nf4 Ke7 40.
Rd3 Nd6 41. Nd5+ Kf8 42. Nf6 Ke7 43. Ng8+ Kd7 44. Kf6 Kc7 45. Ne7 {Diagrama [#]
} Nc4+ 46. Nxc6 1-0

[Event "XLII Abierto Internacional Ciudad de Se"]
[Site "Sevilla (SPAIN)"]
[Date "2017.01.17"]
[Round "5.7"]
[White "Sundararajan, Kidambi"]
[Black "Gleizerov, Evgeny"]
[Result "1/2-1/2"]
[WhiteElo "2420"]
[BlackElo "2518"]
[PlyCount "35"]
[EventDate "2017.01.13"]

1. Nf3 d5 2. e3 c6 3. c4 e6 4. b3 f5 5. Bb2 Nf6 6. Nc3 Bd6 7. Qc2 O-O 8. cxd5
exd5 9. g3 Nbd7 10. Bg2 Ne4 11. O-O Qe7 12. d3 Nxc3 13. Qxc3 Bb4 14. Qc2 Ba3
15. Bxa3 Qxa3 16. e4 dxe4 17. dxe4 Qc5 18. Qxc5 {Diagrama [#]} 1/2-1/2

[Event "XLII Abierto Internacional Ciudad de Se"]
[Site "Sevilla (SPAIN)"]
[Date "2017.01.17"]
[Round "5.8"]
[White "Lemos, Damian"]
[Black "Chueca Forcen, Alberto"]
[Result "1-0"]
[WhiteElo "2516"]
[BlackElo "2351"]
[PlyCount "61"]
[EventDate "2017.01.13"]

1. d4 d5 2. c4 dxc4 3. e4 Nf6 4. e5 Nd5 5. Bxc4 Nb6 6. Bb3 Nc6 7. Ne2 Bg4 8.
Nbc3 e6 9. O-O Qd7 10. Be3 O-O-O 11. Qe1 Be7 12. Ng3 Nxd4 13. f3 Nxb3 14. axb3
Bf5 15. Nxf5 exf5 16. Bxb6 cxb6 $14 17. Rxa7 Bc5+ 18. Kh1 Rhe8 19. Qg3 Qd3 20.
Ra8+ Kc7 21. Raa1 g6 22. Rfd1 {Diagrama [#]} Qc2 $4 23. Nb5+ Kc6 24. Na7+ Kc7
25. e6+ Bd6 26. Nb5+ Kc6 27. Rxd6+ Kxb5 28. Qe5+ Qc5 29. Qe2+ Kb4 30. Rxb6+
Qxb6 31. Qc4# 1-0

[Event "XLII Abierto Internacional Ciudad de Se"]
[Site "Sevilla (SPAIN)"]
[Date "2017.01.17"]
[Round "5.9"]
[White "Pogorelov, Ruslan"]
[Black "Karthikeyan, P."]
[Result "0-1"]
[WhiteElo "2355"]
[BlackElo "2488"]
[PlyCount "88"]
[EventDate "2017.01.13"]

1. Nf3 Nf6 2. c4 e6 3. Nc3 d5 4. d4 dxc4 5. Qa4+ c6 6. Qxc4 b5 7. Qb3 a6 8. Bg5
Nbd7 9. e3 Bb7 10. Be2 c5 11. O-O c4 12. Qc2 Rc8 13. a3 h6 14. Bh4 Be7 15. e4
Nh5 16. Bxe7 Qxe7 17. Qd2 Nhf6 18. d5 Nc5 19. d6 Qd8 20. e5 Nfd7 21. Qe3 O-O
22. Ne1 f6 23. exf6 Qxf6 24. Bf3 Bxf3 25. Nxf3 Nd3 26. Ne4 Qxb2 27. Rfb1 Rxf3
28. gxf3 Qe5 29. a4 N7c5 30. Nxc5 Qxe3 31. fxe3 Rxc5 32. Ra2 Kf8 33. Rc2 Ke8
34. Kf1 e5 {Diagrama [#]} 35. d7+ Kxd7 36. Ra1 Kc6 37. Rg2 g5 38. axb5+ axb5
39. Rc2 b4 40. Ra8 c3 41. Rca2 b3 42. Rc8+ Kb7 43. Rxc5 bxa2 44. Ra5 c2 0-1

[Event "XLII Abierto Internacional Ciudad de Se"]
[Site "Sevilla (SPAIN)"]
[Date "2017.01.17"]
[Round "5.10"]
[White "Ulybin, Mikhail"]
[Black "Carrascoso Morales, Abel"]
[Result "1-0"]
[WhiteElo "2483"]
[BlackElo "2200"]
[PlyCount "85"]
[EventDate "2017.01.13"]

1. d4 Nf6 2. c4 g6 3. Nc3 Bg7 4. e4 d6 5. Be2 O-O 6. Nf3 e5 7. O-O Nc6 8. d5
Ne7 9. Nd2 a5 10. a3 Bd7 11. b3 c6 12. Bb2 c5 13. Nb5 Bxb5 14. cxb5 Nd7 15. Bc3
Nb6 16. b4 cxb4 17. axb4 a4 18. Nb1 Bh6 19. Na3 f5 20. f3 Be3+ 21. Kh1 Rc8 22.
Bb2 Qc7 23. Qd3 f4 24. Qd1 g5 25. Bd3 Ng6 26. Qe2 Rf6 27. Nc2 Nc4 28. Nxe3 Nxe3
29. Rfc1 Qd8 30. Rxa4 Nh4 31. g3 $6 fxg3 32. Qxe3 {Diagrama [#]} Rxc1+ 33. Bxc1
Nxf3 34. Be2 g2+ 35. Kxg2 Nh4+ 36. Kh1 Qf8 37. Qxg5+ Ng6 38. Ra8 Qxa8 39. Qxf6
Qa1 40. Qd8+ Nf8 41. Qc8 Qd4 42. Qf5 Ng6 43. Bh6 1-0

[Event "XLII Abierto Internacional Ciudad de Se"]
[Site "Sevilla (SPAIN)"]
[Date "2017.01.17"]
[Round "5.11"]
[White "Montero Melendez, Rafael"]
[Black "Fernandez Romero, Ernesto"]
[Result "1-0"]
[WhiteElo "2304"]
[BlackElo "2473"]
[PlyCount "67"]
[EventDate "2017.01.13"]

1. c4 e5 2. g3 Nc6 3. Nc3 d6 4. Bg2 Be6 5. d3 Qd7 6. Nd5 g6 7. e4 Bg7 8. Ne2
Nd8 9. d4 c6 10. Ne3 Bh3 11. Bxh3 Qxh3 12. d5 Nf6 13. Nc3 O-O 14. Qe2 h5 15. f3
a6 16. Qf1 Qd7 17. Qd3 Qc7 18. O-O c5 19. Bd2 Nh7 20. f4 exf4 21. gxf4 Nf6 22.
Rac1 Re8 23. h3 Qd7 24. Ng2 Nh7 25. e5 dxe5 26. f5 Nc6 27. fxg6 fxg6 28. Qxg6
Nd4 29. Ne4 Rf8 30. Nh4 {Diagrama [#]} Rxf1+ 31. Rxf1 Rf8 32. Rxf8+ Kxf8 33.
Qxh7 Qxh3 34. Ng6+ 1-0

[Event "XLII Abierto Internacional Ciudad de Se"]
[Site "Sevilla (SPAIN)"]
[Date "2017.01.17"]
[Round "5.12"]
[White "Basso, Pier Luigi"]
[Black "Alberto, Manuel"]
[Result "1-0"]
[WhiteElo "2448"]
[BlackElo "2168"]
[PlyCount "105"]
[EventDate "2017.01.13"]

1. e4 e5 2. Nf3 Nc6 3. Bc4 Bc5 4. d3 d6 5. Nc3 a6 6. Ng5 Nh6 7. h3 Na5 8. Qh5
Nxc4 9. dxc4 Qf6 10. O-O c6 11. Nf3 Be6 12. b3 Qg6 13. Qh4 f6 14. Na4 Ba7 15.
Ba3 b5 16. Nc3 Nf7 17. Rad1 Rd8 18. cxb5 axb5 19. Rd3 O-O 20. Rfd1 Bb8 21. Bc1
f5 22. Ng5 f4 23. Nxe6 Qxe6 24. Qg4 Qf6 25. a4 bxa4 26. Nxa4 Ng5 27. Re1 g6 28.
h4 Nf7 29. Nb6 Qe7 30. Ba3 Kg7 31. Red1 h5 32. Qh3 g5 33. Qf5 gxh4 34. Qxh5 Qe6
35. Bb2 Rh8 36. Qf3 Kg6 37. Qh3 Qxh3 38. gxh3 Ng5 39. Nc4 {Diagrama [#]} Nxe4
40. Nxe5+ Kf5 41. Nxc6 Rhg8+ 42. Kf1 Rd7 43. Rd5+ Kg6 44. Ne5+ dxe5 45. Rxd7
Rc8 46. c4 Rc6 47. Ke2 Rb6 48. R7d5 Rxb3 49. Rb5 Rxh3 50. Rxb8 f3+ 51. Ke3 Nf6
52. Rg1+ Kf5 53. Rf8 1-0

[Event "XLII Abierto Internacional Ciudad de Se"]
[Site "Sevilla (SPAIN)"]
[Date "2017.01.17"]
[Round "5.13"]
[White "Damia, Angelo"]
[Black "Anurag, Mhamal"]
[Result "0-1"]
[WhiteElo "2233"]
[BlackElo "2423"]
[PlyCount "106"]
[EventDate "2017.01.13"]

1. e4 e5 2. Nf3 Nc6 3. Bc4 Bc5 4. b4 Bxb4 5. c3 Ba5 6. d4 d6 7. Qb3 Qd7 8. dxe5
Bb6 9. exd6 Na5 10. Qb5 Nxc4 11. Qxc4 Qxd6 12. Ba3 Be6 13. Qb5+ Qd7 14. Qxd7+
Bxd7 15. Ne5 Be6 16. Nd2 O-O-O 17. Ndc4 Bxf2+ 18. Kxf2 f6 19. Nc6 bxc6 20. Na5
Rd2+ 21. Ke3 Rxg2 22. Rhg1 Rxg1 23. Rxg1 g5 {Diagrama [#]} 24. Nxc6 Nh6 25. Rb1
Ng4+ 26. Kd4 Re8 27. Kc5 Nf2 28. Kd4 Bxa2 29. Rb8+ Kd7 30. Rxe8 Kxe8 31. Nxa7
Ng4 32. h3 Nf2 33. e5 fxe5+ 34. Kxe5 Nxh3 35. Nb5 g4 36. Bc5 g3 37. Nd4 g2 38.
Ne2 Kf7 39. Be3 h6 40. Ng1 Ng5 41. Kf5 Be6+ 42. Kf4 Bd5 43. Kg4 Kg6 44. Kg3 Kf5
45. Nh3 Ke4 46. Ba7 Nxh3 47. Kxh3 Kd3 48. Bd4 g1=Q 49. Bxg1 Kxc3 50. Kg4 Bf7
51. Kf5 h5 52. Kf6 Bb3 53. Ke7 Kb4 0-1

[Event "XLII Abierto Internacional Ciudad de Se"]
[Site "Sevilla (SPAIN)"]
[Date "2017.01.17"]
[Round "5.14"]
[White "Kogan, Arthur"]
[Black "Diaz Castro, Ismael"]
[Result "1-0"]
[WhiteElo "2530"]
[BlackElo "2185"]
[PlyCount "73"]
[EventDate "2017.01.13"]

1. Nf3 Nf6 2. c4 g6 3. Nc3 Bg7 4. e4 d6 5. d4 O-O 6. Be2 e5 7. d5 Nbd7 8. Bg5
h6 9. Be3 Ng4 10. Bd2 f5 11. h3 {Diagrama [#]} Nxf2 $6 $16 12. Kxf2 fxe4 13.
Nxe4 Qh4+ $18 14. Ke3 Qf4+ 15. Kd3 Qf5 16. Be3 b5 17. b3 bxc4+ 18. bxc4 Nf6 19.
Nfd2 g5 20. g4 Qg6 21. Bf3 Ba6 22. Kc3 c6 23. Nxf6+ Qxf6 24. Be4 cxd5 25. Bxd5+
Kh8 26. Rf1 Qe7 27. Rxf8+ Rxf8 28. Ne4 Qc7 29. Qa4 Rf3 30. Kd2 Qb8 31. Qb3 Qc8
32. Rb1 Rxh3 33. Qb8 Rh2+ 34. Kd3 Kh7 35. Nxg5+ hxg5 36. Be4+ Kh6 37. Qxd6+ 1-0

[Event "XLII Abierto Internacional Ciudad de Se"]
[Site "Sevilla (SPAIN)"]
[Date "2017.01.17"]
[Round "5.15"]
[White "Moroni, Luca Jr"]
[Black "Schneider, Michael"]
[Result "1-0"]
[WhiteElo "2468"]
[BlackElo "2174"]
[PlyCount "57"]
[EventDate "2017.01.13"]

1. c4 f5 2. Nf3 Nf6 3. d4 e6 4. g3 b6 5. Bg2 Bb7 6. O-O Be7 7. Nc3 O-O 8. Ne5
Bxg2 9. Kxg2 {Diagrama [#]} d6 10. Nd3 Nc6 11. d5 Na5 12. Nf4 Nxc4 13. Nxe6 Qd7
14. Nxf8 Rxf8 15. Qb3 Ne5 16. Nb5 Ne4 17. Nxa7 f4 18. Bxf4 Rxf4 19. gxf4 Qg4+
20. Kh1 Qxf4 21. Nc6 Bf6 22. Nxe5 Bxe5 23. Qh3 Nd2 24. Rg1 h6 25. f3 Bxb2 26.
Qe6+ Kh7 27. Rg4 Qf8 28. Rd1 Nxf3 29. Qe4+ 1-0

[Event "XLII Abierto Internacional Ciudad de Se"]
[Site "Sevilla (SPAIN)"]
[Date "2017.01.17"]
[Round "5.16"]
[White "Sapale, Saloni"]
[Black "Alvarez Marquez, Johann Carlos"]
[Result "1/2-1/2"]
[WhiteElo "2141"]
[BlackElo "2404"]
[PlyCount "95"]
[EventDate "2017.01.13"]

1. e4 c5 2. Nf3 d6 3. d4 cxd4 4. Nxd4 Nf6 5. Nc3 a6 6. Be3 e5 7. Nb3 Be6 8. f3
Nbd7 9. Qd2 Be7 10. g4 O-O 11. O-O-O b5 12. g5 b4 13. Ne2 Ne8 14. f4 a5 15. f5
a4 16. fxe6 axb3 17. cxb3 fxe6 18. Bh3 Rxa2 19. Bxe6+ Kh8 20. Bc4 Nc7 21. Ng3
Qa8 22. Rhf1 Ra1+ 23. Kc2 Rxf1 24. Rxf1 Rxf1 25. Bxf1 d5 26. h4 d4 27. Bf2 Ne6
28. Bc4 Qc6 29. Kb1 Nb6 30. Bxe6 Qxe6 31. Qd3 g6 32. Qb5 Nd7 33. Ne2 Kg7 34.
Be1 Nc5 35. Bxb4 Nxe4 36. Bxe7 Qxe7 37. Qd5 Nd6 38. b4 Nf7 39. b5 Qd6 40. Qc4
h6 41. gxh6+ Nxh6 42. Qd3 Nf5 43. h5 Qb4 44. hxg6 e4 45. Qh3 Nh6 46. Nf4 Qxb5
47. Ne6+ Kxg6 48. Nxd4 {Diagrama [#]} 1/2-1/2

[Event "XLII Abierto Internacional Ciudad de Se"]
[Site "Sevilla (SPAIN)"]
[Date "2017.01.17"]
[Round "5.17"]
[White "Komljenovic, Davorin"]
[Black "Helmer, Christoph"]
[Result "1-0"]
[WhiteElo "2383"]
[BlackElo "2126"]
[PlyCount "77"]
[EventDate "2017.01.13"]

1. d4 d5 2. c4 e6 3. cxd5 exd5 4. Nc3 c6 5. g3 Nf6 6. Bg2 Bd6 7. f3 O-O 8. e4
dxe4 9. fxe4 c5 10. d5 Nbd7 11. Nf3 Re8 12. O-O a6 13. a4 Ne5 14. a5 Bg4 15.
Qc2 Bxf3 16. Bxf3 Nxf3+ 17. Rxf3 Nd7 18. Rf1 Rc8 19. Bf4 Ne5 20. Nd1 c4 21. Ra4
Qc7 22. Kg2 Qc5 23. Ne3 c3 24. bxc3 Qxc3 25. Qxc3 Rxc3 26. Nf5 Bc5 27. Rc1 Rxc1
28. Bxc1 Nd7 29. Bb2 f6 30. Kf3 g6 31. Nh6+ Kg7 32. Ng4 h5 33. Ne3 Kf7 34. Nc4
Rc8 35. Bd4 Ke7 36. Ke3 {Diagrama [#]} Bd6 37. Nxd6 Kxd6 38. Rb4 Rc7 39. Bxf6
1-0

[Event "XLII Abierto Internacional Ciudad de Se"]
[Site "Sevilla (SPAIN)"]
[Date "2017.01.17"]
[Round "5.18"]
[White "Draghici Flutur*, Gavril"]
[Black "Naranjo Moreno, Antonio"]
[Result "0-1"]
[WhiteElo "2123"]
[BlackElo "2358"]
[PlyCount "70"]
[EventDate "2017.01.13"]

1. e4 c5 2. Nf3 d6 3. d4 cxd4 4. Qxd4 e5 5. Qd1 Nf6 6. Bg5 Qb6 7. Nc3 Qxb2 8.
Nb5 Qb4+ 9. Nd2 Qa5 10. c3 Be6 11. Bxf6 gxf6 12. Nc4 Bxc4 13. Bxc4 a6 14. Qd5
axb5 15. Qxf7+ Kd8 16. Qxf6+ Kc7 17. Bb3 Nc6 18. O-O Be7 19. Qg7 Rae8 20. Bf7
Qxc3 21. Bxe8 Rxe8 22. Qxh7 Qc4 23. Rfc1 Qe6 24. Qh5 Kd7 25. a4 b4 26. Rab1 Ra8
27. Qd1 Ra5 28. Rb2 Bg5 29. Rcb1 Rc5 {Diagrama [#]} 30. Rc2 Kc7 31. Qd3 Nd4 32.
Rcb2 Rc3 33. Qf1 b3 34. Qe1 Qc4 35. h4 Bc1 0-1

[Event "XLII Abierto Internacional Ciudad de Se"]
[Site "Sevilla (SPAIN)"]
[Date "2017.01.17"]
[Round "5.19"]
[White "Melero Fidalgo, Juan De Dios"]
[Black "Valenti, Giuseppe"]
[Result "1-0"]
[WhiteElo "2340"]
[BlackElo "2123"]
[PlyCount "75"]
[EventDate "2017.01.13"]

1. d4 Nf6 2. c4 e6 3. Nc3 c5 4. d5 exd5 5. cxd5 d6 6. e4 g6 7. Nge2 Bg7 8. Ng3
O-O 9. Be2 a6 10. a4 Re8 11. O-O Nbd7 12. f3 Rb8 13. Bg5 h6 14. Be3 Qc7 15. Qd2
Kh7 16. Rfc1 Qd8 17. Nh1 Ne5 18. Nf2 Qe7 19. Ncd1 b5 20. axb5 axb5 21. b4 Nfd7
22. Ra7 Qf8 23. f4 Nc4 24. Bxc4 bxc4 25. bxc5 Nxc5 26. Bxc5 dxc5 27. e5 $16 Rb4
28. Ne4 {Diagrama [#]} Rd8 29. d6 Bf5 30. Nxc5 Rdb8 31. Nd7 Bxd7 32. Rxd7 Qc8
33. Rxf7 Qc5+ 34. Qe3 Qd5 35. Rc7 Rb3 36. Nc3 Qa5 37. Qa7 Qxa7+ 38. Rxa7 1-0

[Event "XLII Abierto Internacional Ciudad de Se"]
[Site "Sevilla (SPAIN)"]
[Date "2017.01.17"]
[Round "5.20"]
[White "Morales Araujo, Francisco Javi"]
[Black "Piasetski, Leon"]
[Result "0-1"]
[WhiteElo "2116"]
[BlackElo "2327"]
[PlyCount "72"]
[EventDate "2017.01.13"]

1. f4 d5 2. Nf3 g6 3. g3 c6 4. Bg2 Qb6 5. d4 Nf6 6. O-O Bg7 7. c4 O-O 8. Nc3
dxc4 9. Ne5 Ng4 10. e3 Nxe5 11. fxe5 Na6 12. a4 Be6 13. a5 Qc7 14. Ne4 f6 15.
Bd2 h6 16. exf6 exf6 17. Bc3 Kh8 18. Nd2 b5 19. axb6 axb6 20. Qf3 Bd5 21. e4
Bg8 22. Qg4 b5 23. Qxg6 b4 24. Rxa6 Rxa6 25. Bxb4 c5 26. Bxc5 Rb8 27. e5 Bh7
28. Qh5 Rxb2 {Diagrama [#]} 29. Nxc4 $6 Rxg2+ 30. Kxg2 Bd3 31. Rc1 Ra2+ 32. Kg1
Qb7 33. Qh3 f5 34. d5 Bxc4 35. Rxc4 Ra1+ 36. Kf2 Qb2+ 0-1

[Event "XLII Abierto Internacional Ciudad de Se"]
[Site "Sevilla (SPAIN)"]
[Date "2017.01.18"]
[Round "6.1"]
[White "Stany, G.A."]
[Black "Saric, Ante"]
[Result "1/2-1/2"]
[WhiteElo "2485"]
[BlackElo "2542"]
[PlyCount "89"]
[EventDate "2017.01.13"]

1. e4 e6 2. d4 d5 3. Nd2 c5 4. exd5 Qxd5 5. Ngf3 cxd4 6. Bc4 Qd6 7. O-O Nf6 8.
Nb3 Nc6 9. Nbxd4 Nxd4 10. Nxd4 Be7 11. c3 O-O 12. Qf3 Qc7 13. Bb3 Bd7 14. Bg5
Bd6 15. h3 Bh2+ 16. Kh1 Be5 17. Rad1 h6 18. Bh4 Rfe8 19. Rfe1 Nh7 20. Bc2 Nf8
21. Qd3 a6 22. Re3 Bf4 23. Bg3 Rad8 24. Bxf4 Qxf4 25. Qe4 Qc7 26. Qe5 Qxe5 27.
Rxe5 Rc8 28. Nb3 Bc6 29. Na5 Bd5 30. Ba4 b5 31. Bb3 Ng6 32. Ree1 Nf4 33. Bxd5
Nxd5 34. Rd4 Kf8 35. g3 Red8 36. Red1 Ke8 37. Kg2 Rc7 38. h4 Rb8 39. R1d2 h5
40. Kf3 g6 41. c4 bxc4 42. Rxc4 Rxc4 43. Nxc4 Ke7 44. Ne3 Nb4 45. b3 {Diagrama
[#]} 1/2-1/2